Prueba y racionalidad en las decisiones judiciales

Saved in:
Bibliografiske detaljer
Hovedforfatter: Ferrer Beltrán, Jordi (Author)
Format: Bog
Sprog:spansk
Udgivet: Valparaíso Editores Responsables 2018
Udgivelse:1a. ed
Fag:
Tags: Tilføj Tag
Ingen Tags, Vær først til at tagge denne postø!

MARC

LEADER 00000cam a2200000 a 4500
001 UCC4725
003 CL-VaPUC
008 180824e20180000cl |||||||||||||||||spa|d
020 |a 9789569623059 
082 0 4 |a 345.06  |b FER  |2 21 
100 0 |a Ferrer Beltrán, Jordi  |e author  |9 598915 
245 1 0 |a Prueba y racionalidad en las decisiones judiciales 
250 |a 1a. ed 
300 |a 365 p 
942 |c BK 
945 |d 20180824 13:39:00  |a dcastane 
260 |a Valparaíso  |b Editores Responsables  |c 2018 
650 0 |a Procedimiento penal  |9 254974 
650 0 |a Pruebas  |9 256249 
650 0 |a Sentencias  |9 256250 
650 0 |a Jurisprudencia  |9 255952 
583 |a last modification  |c 20180824 13:39:00  |k Rodrigo Vera 
999 |c 372143  |d 372141 
952 |0 0  |1 0  |3 erb  |4 0  |6 345_060000000000000_FER_2018  |7 0  |8 A  |9 489417  |a BIBDER  |b BIBDER  |i 5491150  |l 1  |o 345.06 FER 2018  |p 5491150  |r 2023-11-21  |s 2023-11-17  |w 2019-11-24  |y BK  |z Catalogado en:20180824  |k DER